Trong vùng tam giác sắt Tiểu thuyết Tập 2

Đã lưu trong:
书目详细资料
主要作者: Nam, Hà
格式: 图书
语言:English
出版: Hà Nội Hội Nhà văn 2014
丛编:Tác phẩm văn học được giải thưởng Nhà nước
主题:
标签: 添加标签
没有标签, 成为第一个标记此记录!
Thư viện lưu trữ: Trung tâm Học liệu Lê Vũ Hùng, Trường Đại học Đồng Tháp
LEADER 00941pam a22002658a 4500
001 00042125
008 170505s1996 ||||||engsd
005 20180815160825.0
020 # # |a 9786045326268 
041 0 # |a Vie 
082 0 4 |b TR431V  |a 895.922 334 
100 1 # |a Nam, Hà 
245 1 0 |n Tập 2  |b Tiểu thuyết  |c Nam Hà  |a Trong vùng tam giác sắt 
260 # # |a Hà Nội  |b Hội Nhà văn  |c 2014 
300 # # |a 423 tr.  |c 21 cm  |b ảnh 
490 # # |a Tác phẩm văn học được giải thưởng Nhà nước 
500 # # |a Tên thật tác giả: Nguyễn Anh Công 
653 # # |a Giải thưởng 
653 # # |a Tiểu thuyết 
653 # # |a Tác phẩm 
653 # # |a Việt Nam 
653 # # |a Văn học hiện đại 
852 # # |j KM.0025524  |j KD.0024721  |j KM.0025980 
910 |d 15/08/2018 
980 # # |a Trung tâm Học liệu Lê Vũ Hùng, Trường Đại học Đồng Tháp